|
|
|
|
| LEADER |
01160cam a2200337 7i4500 |
| 001 |
0000069572 |
| 005 |
20200924090000.0 |
| 005 |
##20200924142100.0 |
| 003 |
##MY-KlINT |
| 008 |
200924t20102010nyu g 000 0 eng d |
| 020 |
# |
# |
|a 9780061964541
|
| 039 |
# |
9 |
|a 202009241421
|b Amir
|c 202009241117
|d rozila
|c 202009241009
|d rozila
|y 202009241005
|z rozila
|
| 040 |
# |
# |
|a ELMU
|
| 082 |
0 |
0 |
|a 420.143
|
| 090 |
0 |
0 |
|a 420.143
|b HAL
|
| 100 |
1 |
# |
|a Hall, Kevin,
|d 1957-
|e author
|
| 245 |
1 |
0 |
|a Aspire :
|b DISCOVERING YOUR PURPOSE THROUGH THE POWER OF WORDS / /
|c KEVIN HALL ; Foreword by STEPHEN R. COVEY.
|
| 264 |
# |
0 |
|a New York, NY
|b WILLIAM MORROW An Imprint of HarperCollinsPublishers
|c 2010
|
| 264 |
# |
0 |
|c ♭2009, 2010
|
| 300 |
# |
# |
|a xvi, 238 pages;
|c 21cm.
|
| 336 |
# |
# |
|a text
|2 rdacontent
|
| 337 |
# |
# |
|a unmediated
|2 rdamedia
|
| 338 |
# |
# |
|a volume
|2 rdacarrier
|
| 583 |
# |
# |
|a LULUS
|
| 650 |
# |
0 |
|a Oral communication
|
| 650 |
# |
0 |
|a English language --
|x Written English
|
| 650 |
# |
0 |
|a English language --
|x Spoken English
|
| 650 |
# |
0 |
|a Vocabulary
|
| 650 |
# |
0 |
|a Written communication
|
| 650 |
# |
0 |
|a English language --
|x Semantics
|
| 700 |
0 |
# |
|a Covey, Stephen R(
|d 1932-2012)
|